| 000 | 00544nam a2200181 i 4500 | ||
|---|---|---|---|
| 001 | 000018518 | ||
| 005 | 20200929165822.0 | ||
| 008 | 761018s1970 enkb j 000 1 eng | ||
| 010 | _a76377332 | ||
| 020 | _a0048230936 | ||
| 040 |
_aDO-SdBNP _cDLC _dDLC |
||
| 050 | 0 | 0 |
_aPZ7.C3624 _bRe |
| 100 | 1 |
_aChant, Joy. _940051 |
|
| 245 | 1 | 0 |
_aRed moon and black mountain : _bthe end of the House of Kendreth / _cby Joy Chant. |
| 260 |
_aLondon : _bAllen & Unwin, _c1970. |
||
| 300 |
_a276 p. : _bmap ; _c23 cm. |
||
| 910 | _aCatalogación por derivada / LC | ||
| 999 |
_c18038 _d18038 |
||